000 00326nam a2200145Ia 4500
100 _aNizard/A.F.
942 _cBK
654 _aProgramming
245 _aMathematical Methods & Programming
260 _bPrentice Hall of India
_aNewDelhi
_c1998
082 _a519.7
_bNIZ
300 _a275
546 _aENGLISH
999 _c18091
_d18091